• 首页
  • 本馆介绍
  • 公告通知
  • 最新文献
  • 馆藏检索
  • 电子资源
  • 读者导购
  • 参考咨询
  • 我的图书馆
  • 登录
  • 详细信息显示
  • 放入我的书架
  • 预约/预借图书
  • 作者相关作品
  • 分类相关作品
  • 丛书相关作品
  • 出版社相关作品

书目信息

  • 表格格式
  • 工作单格式
  • 卡片格式
题名:
体育发展战略论文选
    
 
作者: ;国家体委政策研究室 编
分册:  
出版信息: 北京   人民体育出版社  1987
页数: 373页
开本: 19cm
丛书名:
单 册:
中图分类: G80-53
科图分类:
主题词: 体育-发展-长期计划--文集 , 发展-体育-长期计划--文集 , 长期计划-体育-发展--文集 , 体育理论--文集
电子资源:
ISBN:
000 00814nam0 2200277 45
001 0187003214
005 20040508150704.2
010    @dCNY3.00
091    @a7015.2378
100    @a19900808d1987 em y0chiy0121 ea
101 0  @achi
102    @aCN@b110000
105    @ay z 000yy
106    @ar
200 10 @a体育发展战略论文选@Ati yu fa zhan zhan lue lun wen xuan@f国家体委政策研究室编
210    @a北京@c人民体育出版社@d1987
215    @a373页@d19cm
606    @a体育-发展-长期计划@x文集
606    @a发展-体育-长期计划@x文集
606    @a长期计划-体育-发展@x文集
606    @a体育理论@x文集
690    @aG80-53@v3
711 02 @a国家体委政策研究室@Aguo jia ti wei zheng ce yan jiu shi@4编
801  0 @aCN@b深圳图书馆@c20040508
801  2 @aCN@bNLC@c20040508
905    @f2@b171884-885@dG80-53@e58
    
    体育发展战略论文选/国家体委政策研究室编.-北京:人民体育出版社,1987
    373页;19cm
    
    
    ISBN :CNY3.00
    
●
相关链接 在E读中查询图书 在五车中查询图书 在当当中查询图书 在豆瓣中查询图书


正题名:体育发展战略论文选     索取号:G80-53/58         预约/预借

序号 登录号 条形码 馆藏地/架位号 状态 备注
1 0171884   000297789   密集书库/ [索取号:G80-53/58] 在馆    
2 0171885   000297798   密集书库/ [索取号:G80-53/58] 在馆    
3 0171886   000297805   第一样本阅览室/ [索取号:G80-53/58] 在馆    
唐山师范学院图书馆 欢迎您!
大连网信软件有限公司© 版权所有